<?xml version="1.0" encoding="UTF-8"?><?xml-stylesheet type="text/xsl" href="static/style.xsl"?><OAI-PMH xmlns="http://www.openarchives.org/OAI/2.0/" xmlns:xsi="http://www.w3.org/2001/XMLSchema-instance" xsi:schemaLocation="http://www.openarchives.org/OAI/2.0/ http://www.openarchives.org/OAI/2.0/OAI-PMH.xsd"><responseDate>2026-04-30T00:40:38Z</responseDate><request verb="GetRecord" identifier="oai:uvadoc.uva.es:10324/68206" metadataPrefix="marc">https://uvadoc.uva.es/oai/request</request><GetRecord><record><header><identifier>oai:uvadoc.uva.es:10324/68206</identifier><datestamp>2025-03-26T16:41:31Z</datestamp><setSpec>com_10324_1175</setSpec><setSpec>com_10324_931</setSpec><setSpec>com_10324_894</setSpec><setSpec>col_10324_1355</setSpec></header><metadata><record xmlns="http://www.loc.gov/MARC21/slim" xmlns:doc="http://www.lyncode.com/xoai" xmlns:xsi="http://www.w3.org/2001/XMLSchema-instance" xmlns:dcterms="http://purl.org/dc/terms/" xsi:schemaLocation="http://www.loc.gov/MARC21/slim http://www.loc.gov/standards/marcxml/schema/MARC21slim.xsd">
<leader>00925njm 22002777a 4500</leader>
<datafield tag="042" ind1=" " ind2=" ">
<subfield code="a">dc</subfield>
</datafield>
<datafield tag="720" ind1=" " ind2=" ">
<subfield code="a">Gil-Albarellos Pérez-Pedrero, Susana</subfield>
<subfield code="e">author</subfield>
</datafield>
<datafield tag="260" ind1=" " ind2=" ">
<subfield code="c">2017</subfield>
</datafield>
<datafield tag="520" ind1=" " ind2=" ">
<subfield code="a">La novela de campus es un género literario que en España no ha contado con suficiente atención teórica ni literaria; sin embargo, desde hace pocos años, numerosos escritores han centrado las tramas de sus obras en el ámbito universitario, acrecentándose el interés por este tipo de novelas tanto en lectores como en investigadores. Con este trabajo pretendemos dar a conocer las características de algunas de las obras más representativas del género de novela de campus en la literatura española para constatar su incipiente relevancia en el ámbito de la literatura española reciente, así como confirmar su agrupación como género literario consolidado dentro de la narrativa actual.</subfield>
</datafield>
<datafield tag="024" ind2=" " ind1="8">
<subfield code="a">La novela de campus en España 2000-2015. Cuadernos de Investigación Filológica. 43, 2017. pp. 191-208 ISSN 0211-0547</subfield>
</datafield>
<datafield tag="024" ind2=" " ind1="8">
<subfield code="a">0211-0547</subfield>
</datafield>
<datafield tag="024" ind2=" " ind1="8">
<subfield code="a">https://uvadoc.uva.es/handle/10324/68206</subfield>
</datafield>
<datafield tag="024" ind2=" " ind1="8">
<subfield code="a">10.18172/cif.2987</subfield>
</datafield>
<datafield tag="024" ind2=" " ind1="8">
<subfield code="a">191</subfield>
</datafield>
<datafield tag="024" ind2=" " ind1="8">
<subfield code="a">Cuadernos de Investigación Filológica</subfield>
</datafield>
<datafield tag="024" ind2=" " ind1="8">
<subfield code="a">43</subfield>
</datafield>
<datafield tag="245" ind1="0" ind2="0">
<subfield code="a">La novela de campus en España 2000-2015 Novel of campus in Spain 2000-2015</subfield>
</datafield>
</record></metadata></record></GetRecord></OAI-PMH>